Surface Modification of 3D-Printed Ti-6Al-4V Parts by Continuous Electron Beam; AIP Conference Proceedings; Vol. 2051 : Advanced Materials with Hierarchical Structure for New Technologies and Reliable Structures 2018 (AMHS’18)

Dades bibliogràfiques
Parent link:AIP Conference Proceedings
Vol. 2051 : Advanced Materials with Hierarchical Structure for New Technologies and Reliable Structures 2018 (AMHS’18).— 2018.— [020225, 4 p.]
Autor corporatiu: Национальный исследовательский Томский политехнический университет Инженерная школа ядерных технологий Отделение экспериментальной физики
Altres autors: Panin A. V. Alexey Viktorovich, Kazachenok M. Marina, Martynov S. Sergey, Builuk A. Artem
Sumari:Title screen
Continuous scanning electron beam treatment was applied to modify the microstructure and mechanical properties of the Ti-6Al-4V titanium alloy parts fabricated by wire-based additive manufacturing technique. Scanning electron microscopy and electron backscatter diffraction reveal the refined microstructure of the melted surface layer of 3D-printed Ti-6Al-4V parts. It was shown that the formation of 20-30 [mu]m size prior b-grains with fine [alpha]- and [beta]-lathes within the melted surface layer drastically increases surface microhardness.
Режим доступа: по договору с организацией-держателем ресурса
Idioma:anglès
Publicat: 2018
Matèries:
Accés en línia:https://doi.org/10.1063/1.5083468
Format: Electrònic Capítol de llibre
KOHA link:https://koha.lib.tpu.ru/cgi-bin/koha/opac-detail.pl?biblionumber=659207

MARC

LEADER 00000nla2a2200000 4500
001 659207
005 20240111134801.0
035 |a (RuTPU)RU\TPU\network\27675 
035 |a RU\TPU\network\27662 
090 |a 659207 
100 |a 20190125a2018 k y0engy50 ba 
101 0 |a eng 
105 |a y z 100zy 
135 |a drcn ---uucaa 
181 0 |a i  
182 0 |a b 
200 1 |a Surface Modification of 3D-Printed Ti-6Al-4V Parts by Continuous Electron Beam  |f A. V. Panin [et al.] 
203 |a Text  |c electronic 
300 |a Title screen 
320 |a [References: 6 tit.] 
330 |a Continuous scanning electron beam treatment was applied to modify the microstructure and mechanical properties of the Ti-6Al-4V titanium alloy parts fabricated by wire-based additive manufacturing technique. Scanning electron microscopy and electron backscatter diffraction reveal the refined microstructure of the melted surface layer of 3D-printed Ti-6Al-4V parts. It was shown that the formation of 20-30 [mu]m size prior b-grains with fine [alpha]- and [beta]-lathes within the melted surface layer drastically increases surface microhardness. 
333 |a Режим доступа: по договору с организацией-держателем ресурса 
461 0 |0 (RuTPU)RU\TPU\network\4816  |t AIP Conference Proceedings 
463 0 |0 (RuTPU)RU\TPU\network\27575  |t Vol. 2051 : Advanced Materials with Hierarchical Structure for New Technologies and Reliable Structures 2018 (AMHS’18)  |o Proceedings of the International conference, 1–5 October 2018, Tomsk, Russia  |f National Research Tomsk Polytechnic University (TPU); eds. V. E. Panin, S. G. Psakhie, V. M. Fomin  |v [020225, 4 p.]  |d 2018 
610 1 |a электронный ресурс 
610 1 |a труды учёных ТПУ 
610 1 |a модификации 
610 1 |a поверхности 
610 1 |a 3D-печать 
610 1 |a детали 
610 1 |a электронные пучки 
610 1 |a титановые сплавы 
610 1 |a аддитивное производство 
610 1 |a проволока 
610 1 |a микротвердость 
701 1 |a Panin  |b A. V.  |c physicist  |c Professor of Tomsk Polytechnic University, doctor of physical and mathematical Sciences  |f 1971-  |g Alexey Viktorovich  |3 (RuTPU)RU\TPU\pers\34630  |9 17992 
701 1 |a Kazachenok  |b M.  |g Marina 
701 1 |a Martynov  |b S.  |g Sergey 
701 1 |a Builuk  |b A.  |g Artem 
712 0 2 |a Национальный исследовательский Томский политехнический университет  |b Инженерная школа ядерных технологий  |b Отделение экспериментальной физики  |3 (RuTPU)RU\TPU\col\23549 
801 2 |a RU  |b 63413507  |c 20190125  |g RCR 
856 4 |u https://doi.org/10.1063/1.5083468 
942 |c CF